Η επταήμερη δημιουγία

Αποθηκεύτηκε σε:
Λεπτομέρειες βιβλιογραφικής εγγραφής
Κύριος συγγραφέας: Ψαρράκη-Γραμματά, Σοφία
Μορφή: Βιβλίο
Γλώσσα:Greek
Δημοσίευση: Αθήνα-Πεντέλη : [χ.ό.], 1994-2003
Θέματα:
Ετικέτες: Προσθήκη ετικέτας
Δεν υπάρχουν, Καταχωρήστε ετικέτα πρώτοι!

MARC

LEADER 00000cam a2200000 i 4500
001 1/8407
008 100614m19942003 gre d
020 |a 960-91553-2-4 
035 |l 10108241 
040 |a GR-MY-UA  |b gre  |e aacr 
041 0 |a gre 
082 0 |a 230  |2 (22) 
100 1 |a Ψαρράκη-Γραμματά, Σοφία. 
245 1 2 |a Η επταήμερη δημιουγία /  |c Σοφία Ψαρράκη-Γραμματά 
260 |a Αθήνα-Πεντέλη :   |b [χ.ό.],   |c 1994-2003 
300 |a 831 σ.;  |c 25 εκ. 
650 0 0 |a Christianity  |x Miscellanea. 
650 0 0 |a God (Christianity) 
650 0 0 |a Theology. 
650 0 0 |a Religion  |x Philosophy. 
852 |a INST  |b CHIOS  |e 20100614  |h 230 ΨΑΡ  |p 005200029616  |q 005200029616  |t BK  |y 0 
852 |a INST  |b SAMOS  |e 20120426  |h 230 ΨΑΡ  |p 005300033870  |q 005300033870  |t BK  |y 0 
901 |a BIBL3-2012-2 
901 |a BIBL2-2010-2 
909 |a Σ  |b 172228 
909 |a Χ  |b 148037 
922 |a 3ΕΛΗ 
970 |a ΣΑΛΑΜΟΥΡΑ  |b ΜΑΡΙΑ  |z 2010/06/14